Writing Abroad : A Guide for Travelers /

Kaydedildi:
Detaylı Bibliyografya
Yazar: Chilson, Peter (autor)
Diğer Yazarlar: Mulcahy, Joanne B. (autor) (autor)
Materyal Türü: Kitap
Dil:İngilizce
Baskı/Yayın Bilgisi: Chicago, EUA : University of Chicago, 2017, c2017
Seri Bilgileri:(Chicago Guides to Writing, Editing, and Publishing)
Konular:
Etiketler: Etiketle
Etiket eklenmemiş, İlk siz ekleyin!

MARC

LEADER 00000nam^a2200000^a^4500
001 000401226
005 20250521000000.0
009 20260310121641.098
020 |a 978-0-226-44449-9 
037 |a Acervo ITESO - Biblioteca 
041 |a ING 
082 |a 809. 9332  |b CHI 
100 |a Chilson, Peter  |e (autor) 
245 1 0 |a Writing Abroad :  |b A Guide for Travelers /  |c P. Chilson, J.B. Mulcahy. 
264 4 |a Chicago, EUA :  |b University of Chicago,  |c 2017, c2017 
300 |a 240 p. 
336 |a texto  |b txt  |2 rdacontenido 
337 |a sin mediación  |b n  |2 rdamedio 
338 |a volumen  |b nc  |2 rdasoporte 
440 1 |a (Chicago Guides to Writing, Editing, and Publishing) 
521 |a FIL 2017 EEnlace Departamento de Lenguas 
649 |a XX 
650 |a Estilo Literario 
650 |a Prosa Literaria 
650 |a Viajes y Travesías -  |x Descripción 
650 |a Libros de Viajes -  |x Teoría -  |x Tema Principal 
650 |a Literatura Autobiográfica 
650 |a Literatura -  |x Teoría 
700 |a Mulcahy, Joanne B.  |e (autor) 
910 |a Fondo General 
920 |a Impresos - Libros 
930 |a Colección General 
940 |a Literatura 
905 |a 101 
901 |a 0500296517  |b IT1  |c LEN  |i c156912  |u 20250521 
902 |a https://opac.biblio.iteso.mx/vufind/Record/000401226